| 000 | 00460nam a2200181Ia 4500 | ||
|---|---|---|---|
| 005 | 20250326141911.0 | ||
| 008 | 250326s9999 xx 000 0 und d | ||
| 037 | _aTextbook | ||
| 040 |
_aFMSL _beng _cFMSL |
||
| 041 |
_aeng _2eng |
||
| 084 | _qFMSL | ||
| 100 | _aGladstone D | ||
| 245 | 0 |
_aVenture capital handbook _cGladstone D |
|
| 260 |
_aEnglewood _bEnglewood, Prentice Hall _c1988 |
||
| 300 | _a365p | ||
| 942 | _cTB | ||
| 999 |
_c1292518 _d1292518 |
||